Myth and law of parliamentary privileges (Record no. 345537)

000 -LEADER
fixed length control field 00451cam a22001337a 4500
008 - FIXED-LENGTH DATA ELEMENTS--GENERAL INFORMATION
fixed length control field 180718b1979 xxu||||| |||| 00| 0 eng d
082 ## - DEWEY DECIMAL CLASSIFICATION NUMBER
Classification number G3x54 H222
100 ## - MAIN ENTRY--PERSONAL NAME
Personal name Hardwari Lal
245 ## - TITLE STATEMENT
Title Myth and law of parliamentary privileges
Statement of responsibility, etc. by Hardwari Lal
260 ## - PUBLICATION, DISTRIBUTION, ETC.
Place of publication, distribution, etc. New Delhi
Name of publisher, distributor, etc. Allied
Date of publication, distribution, etc. 1979
300 ## - PHYSICAL DESCRIPTION
Extent 274p.
650 ## - SUBJECT ADDED ENTRY--TOPICAL TERM
Topical term or geographic name entry element Legislative bodies --Great Britain --Privileges and immunities
650 ## - SUBJECT ADDED ENTRY--TOPICAL TERM
Topical term or geographic name entry element Legislative bodies --India --Privileges and immunities
Holdings
Withdrawn status Lost status Damaged status Not for loan Permanent Location Current Location Date acquired Full call number Barcode Date last seen Price effective from Koha item type
        Indian Institute of Public Administration Indian Institute of Public Administration 1993-10-07 G3x54 H222 54980 2018-07-21 2018-07-21 Book

Powered by Koha